000 00643nam a2200205 i 4500
001 70759
003 ES-MaACL
005 20230906170919.0
007 t|
008 040802s1943 sp ||||1| spa d
100 1 _aGarnett, David.
_955597
245 1 0 _aPocahontas
_b: la bella salvaje de Virginia /
_cpor David Garnett ; traducción del inglés por Luis Jordá.
260 _a[Barcelona :
_bs.n.,
_c1943] (
_fRubí)
300 _a289 p., 1 lám. ;
_c21 cm.
490 1 _aColección Aretusa
700 1 _aJordá, Luis.
_966897
830 0 _aColección Aretusa
_9181543
852 _aES-MaACL
_jF-15738
_bR.20158
999 _c70759
_d70759